Rural development for poverty alleviation : Jubilee symposium on the effectiveness of Co-operation in rural development
Đã lưu trong:
| Institution som forfatter: | |
|---|---|
| Format: | Bog |
| Sprog: | Undetermined |
| Udgivet: |
1986
|
| Fag: | |
| Tags: |
Tilføj Tag
Ingen Tags, Vær først til at tagge denne postø!
|
| Thư viện lưu trữ: | Trung tâm Học liệu Trường Đại học Cần Thơ |
|---|
| LEADER | 00544nam a2200169Ia 4500 | ||
|---|---|---|---|
| 001 | CTU_121537 | ||
| 008 | 210402s9999 xx 000 0 und d | ||
| 082 | |a 307.72 | ||
| 082 | |b R888 | ||
| 110 | |a Royal Tropical Institute | ||
| 245 | 0 | |a Rural development for poverty alleviation : | |
| 245 | 0 | |b Jubilee symposium on the effectiveness of Co-operation in rural development | |
| 245 | 0 | |c Royal Tropical Institute | |
| 260 | |c 1986 | ||
| 650 | |a Rural development | ||
| 904 | |i Tuyến | ||
| 980 | |a Trung tâm Học liệu Trường Đại học Cần Thơ | ||